Loading...
| History - European | 0 | 9 | 0 | 0 | 90 | 16 | 62.56 | 4 | 7 | 0.00 | 0.00 |
| History - Other | 0 | 6 | 1 | 1 | 55 | 9 | 64.50 | 2 | 5 | 0.00 | 0.00 |
| Mythology | 0 | 5 | 0 | 0 | 50 | 24 | 68.40 | 2 | 4 | 0.00 | 0.00 |
| History - World | 0 | 5 | 1 | 1 | 45 | 17 | 65.20 | 3 | 4 | 0.00 | 0.00 |
| Philosophy | 0 | 3 | 0 | 0 | 30 | 66 | 79.00 | 1 | 3 | 0.00 | 0.00 |
| Science - Chemistry | 0 | 4 | 2 | 0 | 30 | 62 | 87.00 | 0 | 4 | 0.00 | 0.00 |
| Religion | 0 | 2 | 0 | 0 | 20 | 35 | 51.50 | 2 | 2 | 0.00 | 0.00 |
| Fine Arts - Classical Music | 0 | 2 | 1 | 0 | 15 | 78 | 85.00 | 0 | 0 | 0.00 | 0.00 |
| History - American | 0 | 2 | 1 | 0 | 15 | 74 | 99.50 | 1 | 2 | 0.00 | 0.00 |
| Literature - European | 0 | 1 | 0 | 0 | 10 | 116 | 116.00 | 0 | 1 | 0.00 | 0.00 |
| Literature - British | 0 | 1 | 0 | 0 | 10 | 88 | 88.00 | 0 | 0 | 0.00 | 0.00 |
| Social Science | 0 | 1 | 0 | 1 | 10 | 124 | 124.00 | 0 | 1 | 0.00 | 0.00 |
| Other | 0 | 1 | 1 | 0 | 5 | 96 | 96.00 | 0 | 0 | 0.00 | 0.00 |
| Science - Physics | 0 | 0 | 2 | 0 | -10 | 0.00 | 0 | 0 | 0.00 | 0.00 |